Woman: Acceptable exploitation for profit (Record no. 1225589)

MARC details
000 -LEADER
fixed length control field 00656nam a2200217Ia 4500
005 - DATE AND TIME OF LATEST TRANSACTION
control field 20241129104352.0
008 - FIXED-LENGTH DATA ELEMENTS--GENERAL INFORMATION
fixed length control field 241129s9999||||xx |||||||||||||| ||und||
020 ## - INTERNATIONAL STANDARD BOOK NUMBER
International Standard Book Number 9781849950022
037 ## - SOURCE OF ACQUISITION
Stock number Textual
040 ## - CATALOGING SOURCE
Original cataloging agency RTL
Language of cataloging eng
Transcribing agency RTL
041 ## - LANGUAGE CODE
Language code of text/sound track or separate title eng
Source of code eng
084 ## - COLON CLASSIFICATION NUMBER
Classification number Y15-49.1(X) Q0
Assigning agency RTL
100 ## - MAIN ENTRY--PERSONAL NAME
Personal name Flather Shreela
9 (RLIN) 726054
245 #0 - TITLE STATEMENT
Title Woman: Acceptable exploitation for profit
Statement of responsibility, etc. Flather Shreela
260 ## - PUBLICATION, DISTRIBUTION, ETC.
Place of publication, distribution, etc. United Kingdom
Name of publisher, distributor, etc. Whittles Publishing
Date of publication, distribution, etc. 2010
300 ## - PHYSICAL DESCRIPTION
Extent ix,132p.
365 ## - TRADE PRICE
Price type code INR
Price amount 1206.31
650 ## - SUBJECT ADDED ENTRY--TOPICAL TERM
Topical term or geographic name entry element Gender and Economic Exploitation
9 (RLIN) 726055
942 ## - ADDED ENTRY ELEMENTS (KOHA)
Koha item type Textbook
Classification part Y15-49.1(X) Q0
Holdings
Withdrawn status Lost status Damaged status Not for loan Home library Current library Date acquired Source of acquisition Cost, normal purchase price Inventory number Total Checkouts Full call number Barcode Date last seen Price effective from Koha item type
        Ratan Tata Library Ratan Tata Library 2024-11-29 Ansh Book International 1206.31 02072 & 23/2/23   Y15-49.1(X) Q0 RT1585054 2024-11-29 2024-11-29 Textbook
Copyright @ Delhi University Library System